The Sweden Solar System - Picture Quiz - Statistics

General Stats
  • This quiz has been taken 38 times
  • The average score is 4 of 10
Answer Stats
Picture Answer % Correct
Earth
100%
Venus
63%
Mars
53%
The Sun
50%
Uranus
43%
Mercury
37%
Neptune
33%
Pluto
33%
Sedna
7%
Vesta
3%
No matching quizzes found
Score Distribution
Percent of People with Each Score
Percentile by Number Answered
Your Score History
You have not taken this quiz